000 00324nam a2200145Ia 4500
100 _aBasavarajaiak & mahadevappa
942 _cBK
654 _amaterials
245 _aStrength Of Materials
260 _bC.B.S.Publishers
_aDelhi
_c1988
082 _a620.112
_bBAS/MAH
300 _a639
546 _aENGLISH
999 _c33256
_d33256